000
00199 a2200097 4500
001
29007
100
_a
245
_a
Vector& Tensor Analysis
260
_a
_b
Dover pubs inc
_c
090
_c
19379
_d
19379
942
_a
NUST-CAE
_c
_c
10423
999
_c
264080
_d
264080